| 000 | 00451 a2200169 4500 | ||
|---|---|---|---|
| 005 | 20260330123539.0 | ||
| 008 | 250513b |||||||| |||| 00| 0 eng d | ||
| 020 | _a9789362541109 | ||
| 080 |
_aFM _bFRA/MU |
||
| 100 | _aFrancis Noronha | ||
| 245 | _aMudiyarakal(മുടിയറകൾ) | ||
| 260 |
_bD C books _aKottayam _c2024 |
||
| 300 | _a381p. | ||
| 653 | _aNovel - Malayalam Literature | ||
| 653 | _aNovel - Francis Noronha | ||
| 942 | _cBK | ||
| 999 |
_c114502 _d114501 |
||